On the measurement of morphology and its change (Registro nro. 10446)

Detalles MARC
000 -CABECERA
Campo de control 004690000a22001690004500
090 ## - CLASIFICACIÓN LOCAL
Colección AR
Consecutivo 01361
041 0# - IDIOMA
Código de idioma para texto/pista de sonido o título separado
100 1# - ASIENTO PRINCIPAL--NOMBRE PERSONAL
Nombre personal Benson, Richard H.
245 10 - MENCION DE TITULO
Título On the measurement of morphology and its change
650 14 - ASIENTO SECUNDARIO DE MATERIA - TERMINO TEMATICO
Término temático o nombre geográfico como elemento de entrada Morfología
650 14 - ASIENTO SECUNDARIO DE MATERIA - TERMINO TEMATICO
Término temático o nombre geográfico como elemento de entrada Sistemática
650 14 - ASIENTO SECUNDARIO DE MATERIA - TERMINO TEMATICO
Término temático o nombre geográfico como elemento de entrada Filogenética
650 14 - ASIENTO SECUNDARIO DE MATERIA - TERMINO TEMATICO
Término temático o nombre geográfico como elemento de entrada Evolución
700 1# - ASIENTO SECUNDARIO - NOMBRE PERSONAL
Nombre personal Chapman, Ralph E.
773 1# - Item fuente:
Título Paleology
Especificación de materiales 493
Descripción física 4
Paginas del Articulo 328-339
Lugar, editorial y fecha de publicación 1982
Información sobre la relación 8
942 ## - ELEMENTOS ADICIONALES (KOHA)
Tipo de ítem Artículo
Existencias
Withdrawn status Lost status Damaged status No para préstamo Colección Ubicación Permanente Ubicación actual Fecha de adquisición Fuente de Valor Datos de publicación Seriada Total Checkouts Número topográfico Inventario / Código de Barras Date last seen Ejemplar Price effective from Forma de adquisición Tipo de material
      No para Préstamo Hemeroteca Bogotá Bogotá 27/02/2015 Muñoz Saba, Yaneth Fuera de circulación   AR 01361 011707 25/03/2015 1 25/03/2015   Artículo